Quiz Voiture: Images Renault - Statistiques

Statistiques générales
  • Ce quiz a été pris 575 fois
  • Le résultat moyen est 7 sur 17
Statistiques - réponses
Par images Réponse % Correct
4L
84%
Twizzy
79%
clio 3
75%
Talisman
70%
8 Gordini
56%
Alpine A110
55%
Megane 4 RS
48%
Megane 3 RS
43%
Clio 2 RS
40%
Clio 3 RS
38%
Alpine A310
34%
12 Gordini
32%
Dauphine
28%
4CH
21%
6
14%
Caravelle
13%
Novaquatre
0%
Aucun quiz correspondant
Distribution des résultats
% des personnes avec chaque résultat
Percentile par nombre de réponses
Votre historique - résultats
Vous n’avez pas pris ce quiz